• 首页
  • 本馆介绍
  • 公告通知
  • 最新文献
  • 馆藏检索
  • 电子资源
  • 读者导购
  • 参考咨询
  • 我的图书馆
  • 登录
  • 详细信息显示
  • 放入我的书架
  • 预约/预借图书
  • 作者相关作品
  • 分类相关作品
  • 丛书相关作品
  • 出版社相关作品

书目信息

  • 表格格式
  • 工作单格式
  • 卡片格式
题名:
基因工程
    
 
作者: 张惠展 编著
分册:  
出版信息: 上海   华东理工大学出版社  2005
页数: 463页
开本: 26cm
丛书名: 现代生物化学工程丛书
单 册:
中图分类: Q78
科图分类:
主题词: 基因--遗传工程
电子资源:
ISBN: 7-5628-1763-4
000 00888oam2 2200265 450
001 0709000103
005 20070531084409.67
010    @a7-5628-1763-4@dCNY45.00
100    @a20051123d2005 ekmy0chiy0110 ea
101 0  @achi
102    @aCN@b310000
105    @ay z 000yy
200 1  @a基因工程@Aji yin gong cheng@dGenetic engineering@f张惠展编著@zeng
210    @a上海@c华东理工大学出版社@d2005
215    @a463页@d26cm
225 2  @a现代生物化学工程丛书
300    @a国家十五重点图书
330    @a本书主要论述基因工程的基本原理、单元操作及应用战略。全书共十章,包括:概述、DNA重组克隆的单元操作、大肠杆菌基因工程、非肠道原核细菌基因工程等。
461  0 @12001 @a现代生物化学工程丛书
510 1  @aGenetic engineering@zeng
606 0  @a基因@x遗传工程
690    @aQ78@v4
701  0 @a张惠展@Azhang hui zhan@4编著
801  0 @aCN@TAOJIN@c20070531
905    @a10447@dQ78@e128
    
    基因工程=Genetic engineering/张惠展编著.-上海:华东理工大学出版社,2005
    463页;26cm.-(现代生物化学工程丛书)
    国家十五重点图书
    
    ISBN 7-5628-1763-4:CNY45.00
    本书主要论述基因工程的基本原理、单元操作及应用战略。全书共十章,包括:概述、DNA重组克隆的单元操作、大肠杆菌基因工程、非肠道原核细菌基因工程等。
●
相关链接 在E读中查询图书 在五车中查询图书 在当当中查询图书 在豆瓣中查询图书


正题名:基因工程     索取号:Q78/128         预约/预借

序号 登录号 条形码 馆藏地/架位号 状态 备注
1 0523663   205236635   第二样本阅览室/ [索取号:Q78/128] 在馆    
唐山师范学院图书馆 欢迎您!
大连网信软件有限公司© 版权所有